Φορτώνει......
Models of teaching: theory and research /
| Κύριος συγγραφέας: | |
|---|---|
| Άλλοι συγγραφείς: | |
| Μορφή: | Printed Book |
| Γλώσσα: | English |
| Έκδοση: |
New Delhi :
Ashish Pub.,
1991.
|
| LEADER | 00515nam a2200145Ia 4500 | ||
|---|---|---|---|
| 008 | 150624b xxu||||| |||| 00| 0 eng d | ||
| 082 | |a 370.7 | ||
| 100 | |a Siddiqui, Mujibul Hasan | ||
| 245 | |a Models of teaching: |b theory and research / |c Mujibul Hasan Siddiqui | ||
| 260 | |a New Delhi : |b Ashish Pub., |c 1991. | ||
| 300 | |a 136 p. | ||
| 700 | |a Sharif Khan, Mohd | ||
| 942 | |c BK | ||
| 999 | |c 45938 |d 45938 | ||
| 952 | |0 1 |1 4 |4 0 |6 370_700000000000000_SID_M |7 0 |9 45924 |a UL |b UL |c SEC |d 1998-09-01 |l 0 |o 370.7 SID/M |p 67454 |r 2012-10-27 |w 2012-10-27 |y BK | ||